Nástin ekumenické teologie : informace a úvahy s ohledem na českou ekumenickou situaci / Odilo Ivan Štampach
Record details
- ISBN: 80-7184-136-6
- Physical Description: 107 s. ; 21 cm
- Edition: 1. vyd.
- Publisher: Praha : Karolinum, 1995
Content descriptions
| General Note: | Vydavatel: Univerzita Karlova 1500 výt. |
| Bibliography, etc. Note: | Bibliogr. |
| Target Audience Note: | Skripta pro posl. Katolické teologické fak. Univ. Karlovy |
Search for related items by subject
| Subject: | křesťanská teologie > Česko ekumenická teologie > Česko eklesiologie > Česko |
| Genre: | učebnice vysokých škol |
Available copies
- 1 of 1 copy available at Common Catalog SPOK.
Holds
- 0 current holds with 1 total copy.
Show Only Available Copies
| Location | Call Number / Copy Notes | Barcode | Shelving Location | Status | Due Date |
|---|---|---|---|---|---|
| Jabok Library | EK-9 | 424480000899 | Odborná literatura | Available | - |
| LDR | 01422nam a2200397 a 4500 | ||
|---|---|---|---|
| 001 | 7677 | ||
| 003 | CZ-PrJAB | ||
| 005 | 20170126115617.0 | ||
| 007 | tu | ||
| 008 | 960619s1995 xr e p 000 0 cze | ||
| 015 | . | ‡acnb000116919 | |
| 020 | . | ‡a80-7184-136-6 ‡q(brož.) : ‡cKč 49,00 | |
| 035 | . | ‡a(CZ PrNK)cpk19960116919 | |
| 035 | . | ‡a(OCoLC)36508169 | |
| 040 | . | ‡aABA001 ‡bcze | |
| 072 | 7. | ‡a27-1/-2 ‡xKřesťanská teologie. Dogmatická teologie ‡2Konspekt ‡95 | |
| 072 | 7. | ‡a37.016 ‡xUčební osnovy. Vyučovací předměty. Učebnice ‡2Konspekt ‡922 | |
| 080 | . | ‡a26 ‡2undef | |
| 080 | . | ‡a28 ‡2undef | |
| 100 | 1 | . | ‡aŠtampach, Odilo Ivan, ‡d1946- ‡7jn19990218116 ‡4aut |
| 245 | 1 | 0. | ‡aNástin ekumenické teologie : ‡binformace a úvahy s ohledem na českou ekumenickou situaci / ‡cOdilo Ivan Štampach |
| 250 | . | ‡a1. vyd. | |
| 260 | . | ‡aPraha : ‡bKarolinum, ‡c1995 | |
| 300 | . | ‡a107 s. ; ‡c21 cm | |
| 500 | . | ‡aVydavatel: Univerzita Karlova | |
| 500 | . | ‡a1500 výt. | |
| 504 | . | ‡aBibliogr. | |
| 521 | . | ‡aSkripta pro posl. Katolické teologické fak. Univ. Karlovy | |
| 650 | 0 | 7. | ‡akřesťanská teologie ‡7ph115064 ‡zČesko ‡2czenas |
| 650 | 0 | 7. | ‡aekumenická teologie ‡7ph138649 ‡zČesko ‡2czenas |
| 650 | 0 | 7. | ‡aeklesiologie ‡7ph119789 ‡zČesko ‡2czenas |
| 653 | 0 | . | ‡a2. vatikánský koncil |
| 655 | 7. | ‡aučebnice vysokých škol ‡7fd133772 ‡2czenas | |
| 710 | 2 | . | ‡aUniverzita Karlova ‡7kn20010710036 |
| 910 | . | ‡aABG312 | |
| 901 | . | ‡a7677 ‡bUnknown ‡c7677 ‡tbiblio | |